000 00953nam a2200229 a 4500
001 000023523
005 20200930022259.0
008 101210s1992 mx r 000 | spa d
020 _a9681636562
040 _aDO-SdBNP
_bspa
_cBNPHU
041 _akor
_hspa
_2Código de idioma MARC
082 _axxx
_bC965c
245 1 0 _aCuentos coreanos /
_ccompilación de Hyesun Ko de Carranza ; a cargo de la selección Yong Tae Min.
260 _aMéxico :
_bFondo de Cultura Económica ; The Korean Culture and Arts Foundation, 1991.
300 _a241 p. ;
_c17 cm.
490 _aPopular
_v458
505 _tEl mejor agricultor /
_rYong-Chun Pak
_tEl viejo alfarero /
_rSun-Won Jwang
_tLa viuda /
_rSun-Won Jwang
_tHuérfano en la tierra /
_rChong-Ne Cho
_tLos pájaros y yo /
_rWon-Il Kim
_tLa balada del adiós /
_rChong-Ji O.
700 1 _aHyesun, Ko de Carranza
_ecomp.
_948486
710 1 _aYong, Tae Min
_948487
830 0 _aPopular;
_v458
_913374
049 _aBNGR
999 _c23019
_d23019